|
|
|
|
| LEADER |
00771nam a22001937a 4500 |
| 005 |
20160826095614.0 |
| 008 |
091112t xxu||||| |||| 00| 0 eng d |
| 082 |
|
|
|a 519.218.5
|b DAL
|
| 100 |
|
|
|a Daley,D.J
|9 948
|
| 245 |
|
|
|a An introduction to the theory of point processes.Vol.1
|b elementary theory and methods/2nd ed.
|
| 300 |
|
|
|a 469p.
|
| 490 |
|
|
|a Probability and its applications
|
| 653 |
|
|
|a Point process
|
| 700 |
|
|
|a Vere-Jones,D.
|9 947
|
| 942 |
|
|
|c BK
|6 _
|
| 260 |
|
|
|a New York
|b Springer
|
| 999 |
|
|
|c 178416
|d 178416
|
| 952 |
|
|
|0 0
|1 0
|2 ddc
|4 0
|6 5192185_DAL1
|7 0
|9 230707
|a STA
|b STA
|c GEN
|d 2009-11-12
|o 519.218.5 DAL;1
|p STA1969
|r 2009-11-12
|w 2009-11-12
|y BK
|
| 952 |
|
|
|0 0
|1 0
|2 ddc
|4 0
|6 5192185_DAL
|7 0
|9 230708
|a STA
|b STA
|c GEN
|d 2010-11-26
|o 519.218.5 DAL
|p STA1889
|r 2010-11-26
|w 2010-11-26
|y BK
|